[Event "Titled Tue 10th Sep Early"]
[Site "chess.com INT"]
[Date "2024.09.10"]
[Round "6"]
[White "Indjic, A."]
[Black "Svane, Frederik"]
[Result "1-0"]
[WhiteElo "2611"]
[BlackElo "2640"]
[PlyCount "129"]
[EventDate "2024.09.10"]

1. g3 d5 2. Bg2 c6 3. Nf3 Bg4 4. d3 Nd7 5. Nbd2 e6 6. e4 ({RR} 6. h3 Bxf3 7. Nxf3 g6 8. O-O Bg7 9. e4 Ne7 10. Re1 O-O 11. e5 a5 12. d4 a4 13. c3 c5 14. Bg5 h6 15. Be3 Nf5 16. Bc1 Qb6 17. g4 Ne7 18. Re2 Rfc8 19. Bf1 Nc6 20. Be3 cxd4 {Duda,J (2753)-Jobava,B (2603) Chess.com INT 2020 ½-½ (56)}) 6... Bc5 7. O-O Ne7 8. Qe1 $146 ({RR} 8. h3 Bh5 9. a4 a5 10. Qe2 O-O 11. Nb3 Bb6 12. exd5 cxd5 13. Be3 Rc8 14. Rac1 Nc6 15. g4 Bg6 16. Nfd4 Nxd4 17. Nxd4 e5 18. Nf3 f6 19. Bxb6 Nxb6 20. b3 Bf7 21. c4 Nd7 22. d4 dxc4 {Nagorni,W (2141)-Gudat,A (2051) Bad Bevensen 2001 0-1 (53)}) 8... O-O 9. h3 Bh5 10. d4 Bb6 11. c3 c5 12. exd5 exd5 13. Nb3 c4 14. Nbd2 Re8 15. Qd1 Bc7 16. Re1 b5 17. Nf1 Nf6 18. Ne3 a5 19. b3 Ne4 20. Bb2 a4 21. Qc1 axb3 22. axb3 Rxa1 23. Bxa1 Nc6 24. bxc4 bxc4 25. Nd2 Nxg3 26. fxg3 Bxg3 27. Ndf1 Bxe1 28. Qxe1 Qa5 29. Qc1 Ne7 30. Bb2 f5 31. Ba3 f4 32. Bb4 Qd8 33. Ng4 Bxg4 34. hxg4 Ng6 35. Nh2 Qg5 36. Bd6 Kh8 37. Qf1 Qh4 38. Be5 Nxe5 39. dxe5 Rxe5 40. Nf3 Qe7 41. Nxe5 Qxe5 42. Qf3 h6 43. Qxd5 Qxc3 44. Qd8+ Kh7 45. Be4+ g6 46. Qc7+ Kg8 47. Qc8+ Kg7 48. Qd7+ Kh8 49. Qe8+ Kg7 50. Qxg6+ Kf8 51. Qxh6+ Ke7 52. Qxf4 Qd4+ 53. Kg2 c3 54. Qf5 Qd2+ 55. Kh3 Qe3+ 56. Kh4 Qh6+ 57. Kg3 Qe3+ 58. Qf3 Qg1+ 59. Kh3 Qe1 60. g5 Qd2 61. Kg4 Qd4 62. Qf4 Qg1+ 63. Kf5 Qc5+ 64. Qe5+ Qxe5+ 65. Kxe5 1-0

[Event "Titled Tue 17th Sep Early"]
[Site "chess.com INT"]
[Date "2024.09.17"]
[Round "5"]
[White "Nakamura, Hi"]
[Black "Aravindh, Chithambaram VR."]
[Result "1-0"]
[WhiteElo "2802"]
[BlackElo "2698"]
[PlyCount "75"]
[EventDate "2024.09.17"]

1. b3 b6 2. Bb2 Bb7 3. Nf3 Nf6 4. g3 g6 5. Bg2 Bg7 6. O-O O-O 7. e3 e6 ({RR} 7... c5 8. d4 cxd4 9. exd4 d5 10. Nbd2 Nc6 11. Re1 e6 12. a4 Re8 13. Ne5 Rc8 14. Ndf3 a5 15. Nxc6 Rxc6 16. Bf1 Rc8 17. Bc1 Ne4 18. Bf4 g5 19. Be3 f5 20. Ne5 Rf8 21. f3 f4 22. Bc1 {Gukesh,D (2764)-Praggnanandhaa,R (2747) Warsaw POL 2024 1-0 (41)}) 8. Qe2 Qe7 9. c4 $146 ({RR} 9. d3 d6 10. Nbd2 Nbd7 11. a4 a5 12. Rfe1 Rfe8 13. e4 e5 14. Nc4 Nc5 15. Nfd2 Nfd7 16. f4 exf4 17. Bxg7 Kxg7 18. gxf4 f5 19. e5 Bxg2 20. Qxg2 dxe5 21. Nxe5 Qf6 22. d4 Ne6 23. c3 Nxe5 {Zhizmer,Y (2298)-Vincenti,L (2152) chess.com INT 2024 1-0 (69)}) 9... c5 10. d4 d6 11. Rd1 Nbd7 12. a4 a6 13. a5 bxa5 14. Rxa5 Rab8 15. Nbd2 Rfc8 16. Ne1 Bxg2 17. Kxg2 d5 18. Ba3 dxc4 19. bxc4 Rc6 20. Qf3 Qd8 21. Ra4 Qc8 22. Nd3 cxd4 23. exd4 h5 24. Nb4 Rcb6 25. c5 Rb5 26. Nc6 Nd5 27. Nxb8 Rxb8 28. Rc4 a5 29. c6 N7f6 30. c7 Rb7 31. Bd6 Bf8 32. Bxf8 Kxf8 33. Rdc1 Kg7 34. Ne4 Nxe4 35. Qxe4 a4 36. Qe5+ f6 37. Qd6 a3 38. Qd8 1-0

[Event "Julius Baer Gen Cup D3 L"]
[Site "chess.com INT"]
[Date "2024.09.27"]
[Round "1.2"]
[White "Amin, B."]
[Black "Guseinov, G."]
[Result "1-0"]
[WhiteElo "2636"]
[BlackElo "2636"]
[PlyCount "61"]
[EventDate "2024.09.27"]
[EventType "k.o."]

1. e4 c5 2. Nf3 e6 3. d3 d5 4. Nbd2 Nc6 5. g3 g6 6. Bg2 Bg7 7. O-O Nge7 8. Re1 O-O 9. h4 b5 10. e5 Qc7 11. Qe2 f6 12. exf6 Bxf6 13. c4 bxc4 14. dxc4 Rb8 $146 ({RR} 14... Bd7 15. Nb3 Rae8 16. Bf4 Qb6 17. Rad1 Nf5 18. Ne5 Bxe5 19. Bxe5 d4 20. h5 Rc8 21. hxg6 hxg6 22. Qg4 Nxe5 23. Rxe5 Kg7 24. Nc1 Qd6 25. Nd3 Nh6 26. Qe2 Nf7 27. Re4 Rce8 28. b4 cxb4 29. c5 {Menendez Rey,F (2198)-Fernandez Valles,J Asturias 1999 1-0 (51)}) 15. Nb3 dxc4 16. Bf4 e5 17. Qxc4+ Kg7 18. Bd2 Qb6 19. Nxc5 Qxb2 20. Ne4 Qb5 21. Qxb5 Rxb5 22. a4 Rb2 23. Rac1 Ra2 24. Be3 Rxa4 25. Nxf6 Rxf6 26. Bg5 Re6 27. Rc5 h6 28. Bxe7 Nxe7 29. Nxe5 Rf6 30. Rc7 Kf8 31. Nc6 1-0

[Event "Titled Tue 24th Sep Early"]
[Site "chess.com INT"]
[Date "2024.09.24"]
[Round "8"]
[White "Iniyan, Pa"]
[Black "Andreikin, D."]
[Result "1-0"]
[WhiteElo "2524"]
[BlackElo "2729"]
[PlyCount "85"]
[EventDate "2024.09.24"]

1. b3 Nf6 2. Bb2 d5 3. e3 Bf5 4. Nf3 e6 5. Be2 h6 6. c4 c6 7. O-O Nbd7 8. d4 Bd6 9. Nbd2 O-O 10. Ne5 Ne4 11. Nxe4 Bxe4 12. f3 Bh7 13. f4 $146 ({RR} 13. Nxd7 Qxd7 14. Bd3 Bxd3 15. Qxd3 Qc7 16. h3 dxc4 17. Qxc4 Qa5 18. Qd3 Ba3 19. Bc3 Bb4 20. Bxb4 Qxb4 21. Rac1 Rfd8 22. Rfd1 Qa3 23. Rc4 a5 24. Ra4 Qe7 25. Qc3 Qg5 26. Rc4 Qb5 27. Rc1 Rd5 {Villiers,T (2219)-Manukonda,A (2014) Reykjavik 2022 ½-½ (86)}) 13... Nf6 14. c5 Bc7 15. b4 a6 16. a4 Ne4 17. b5 axb5 18. axb5 Rxa1 19. Bxa1 Bxe5 20. fxe5 Qg5 21. Rf4 Ra8 22. Bb2 Bf5 23. Qb3 Kh7 24. bxc6 bxc6 25. Qb7 Ra2 26. Qb3 Ra7 27. Qb6 Ra8 28. Qb7 Qd8 29. Qxc6 Qa5 30. Rf1 Qd2 31. Bc1 Qxe2 32. Qxa8 Nxc5 33. Qa5 Ne4 34. Qe1 Qc2 35. h3 h5 36. Qh4 Bg6 37. g4 Nc3 38. Qf2 Qd3 39. gxh5 Bxh5 40. Kh2 Ne4 41. Qg2 Bg6 42. Rg1 Qc3 43. h4 1-0

[Event "Titled Tue 24th Sep Late"]
[Site "chess.com INT"]
[Date "2024.09.24"]
[Round "3"]
[White "Fedoseev, Vl3"]
[Black "Tristan, L."]
[Result "1-0"]
[WhiteElo "2692"]
[BlackElo "2536"]
[PlyCount "95"]
[EventDate "2024.09.24"]

1. g3 d5 2. Bg2 Nf6 3. Nf3 Bf5 4. O-O e6 5. b3 Be7 6. Bb2 O-O 7. c4 c6 8. Nh4 Bg4 9. d3 Nfd7 $146 ({RR} 9... Nbd7 10. Nd2 a5 11. Nhf3 {½-½ (11) Bakre,T (2446)-Payen,A (2401) Belgrade 2001}) 10. Nf3 h6 11. Nbd2 Nf6 12. h3 Bf5 13. Qc2 a5 14. a3 Nbd7 15. Nd4 Bh7 16. cxd5 exd5 17. e4 dxe4 18. dxe4 Re8 19. Rad1 Qc7 20. Rfe1 Bc5 21. Nc4 Rad8 22. Bc3 b6 23. b4 axb4 24. axb4 Bf8 25. Nf5 Bxf5 26. exf5 Rxe1+ 27. Bxe1 Nb8 28. Rc1 Na6 29. Qa4 Nb8 30. Ne3 Rc8 31. Bc3 Nbd7 32. Bxf6 Nxf6 33. Bxc6 Qd6 34. b5 Qa3 35. Qxa3 Bxa3 36. Rd1 Bc5 37. Nc4 Kf8 38. Kg2 Ng8 39. Ne5 Nf6 40. g4 Ke7 41. Re1 Kf8 42. h4 Rd8 43. g5 hxg5 44. hxg5 Nd5 45. Nd7+ Rxd7 46. Bxd7 Nf4+ 47. Kf3 Nd3 48. Re8# 1-0

[Event "Titled Tue 1st Oct Early"]
[Site "chess.com INT"]
[Date "2024.10.01"]
[Round "7"]
[White "Tabatabaei, M."]
[Black "Sonis, Francesco"]
[Result "1-0"]
[WhiteElo "2714"]
[BlackElo "2554"]
[PlyCount "133"]
[EventDate "2024.10.01"]

1. g3 Nf6 2. Bg2 d5 3. Nf3 b5 4. O-O Bb7 5. d3 e6 6. Nbd2 Be7 7. Re1 c5 8. e4 O-O ({RR} 8... Nc6 9. c3 O-O 10. e5 Nd7 11. Nf1 Nb6 12. d4 b4 13. h4 a5 14. Bg5 a4 15. dxc5 Nd7 16. cxb4 Nxb4 17. Rc1 Bxg5 18. hxg5 Qa5 19. Qd4 Nxa2 20. g6 Nxc1 21. Rxc1 hxg6 22. c6 Rac8 23. Ng5 {Firat,B (2460)-Niemann,H (2698) Sitges ESP 2022 0-1 (33)}) 9. e5 ({RR} 9. exd5 exd5 10. Ne5 Qc7 11. a4 b4 12. Ndf3 a5 13. Bf4 Bd6 14. d4 c4 15. Nh4 Bc8 16. Bg5 Ne4 17. Rxe4 dxe4 18. Bxe4 Bb7 19. Bxb7 Qxb7 20. Nxc4 Bc7 21. Qg4 Ra6 22. Nf5 Re8 23. d5 Rg6 {Bauza,A (2205)-Cordero,D (2028) Florianopolis BRA 2024 1-0 (36)}) 9... Nfd7 10. Nf1 a5 $146 ({RR} 10... d4 11. h4 Qc7 12. N1h2 Nc6 13. Bf4 Nb4 14. Ng4 Bd5 15. h5 Qb7 16. h6 g6 17. Ngh2 Rac8 18. c3 Nc6 19. Bf1 Nb6 20. Bg5 Rfd8 21. Bxe7 Qxe7 22. Ng4 Nd7 23. c4 bxc4 24. dxc4 Bxf3 25. Qxf3 {Imanaliev,T (2315)-Morozov,A (1527) Bishkek 2022 ½-½ (46)}) 11. h4 h6 12. Bf4 Re8 13. N1h2 Bf8 14. Ng4 Nc6 15. c3 b4 16. Qd2 Ne7 17. d4 Nf5 18. Rec1 bxc3 19. bxc3 Ba6 20. Ne3 Nxe3 21. Qxe3 Qc8 22. Rab1 Bc4 23. Nd2 Ba6 24. h5 Rb8 25. g4 Rxb1 26. Rxb1 cxd4 27. cxd4 Qc2 28. Qb3 Qxb3 29. Nxb3 Rb8 30. Bf1 Bxf1 31. Kxf1 a4 32. Nd2 Rxb1+ 33. Nxb1 Nb6 34. Ke2 f6 35. Be3 Nc4 36. exf6 gxf6 37. Nc3 a3 38. f4 Kf7 39. f5 Bb4 40. fxe6+ Kxe6 41. Nd1 Bf8 42. Bc1 f5 43. g5 hxg5 44. Bxg5 Bg7 45. Be3 Bh8 46. Bf2 f4 47. Nc3 Bf6 48. Kf3 Bg5 49. Kg4 Bh6 50. Ne2 Nb2 51. Nxf4+ Bxf4 52. Kxf4 Nd3+ 53. Kg3 Kf5 54. Be3 Nb4 55. Kf3 Nc6 56. h6 Kg6 57. Ke2 Ne7 58. Kd3 Nf5 59. Bf4 Kh7 60. Bc1 Kg6 61. Kc3 Nd6 62. Kb4 Kf5 63. Kxa3 Ke4 64. Bb2 Kd3 65. h7 Nf7 66. Kb4 Kc2 67. a4 1-0

[Event "Titled Tue 1st Oct Late"]
[Site "chess.com INT"]
[Date "2024.10.01"]
[Round "2"]
[White "Carlsen, M."]
[Black "Gustafsson, J."]
[Result "1-0"]
[WhiteElo "2832"]
[BlackElo "2604"]
[PlyCount "39"]
[EventDate "2024.10.01"]

1. c3 d5 2. Nf3 Nf6 3. g3 c5 ({RR} 3... Bf5 4. Bg2 h6 5. O-O c6 6. d4 e6 7. a4 Be7 8. a5 O-O 9. Qb3 Qc8 10. Nbd2 c5 11. dxc5 Nbd7 12. Nd4 Nxc5 13. Qd1 Bh7 14. N4b3 Ncd7 15. Re1 Rd8 16. e3 Ne5 17. Nf3 Nc4 18. Nfd2 {Skotheim,A (2225)-Nasuta,G (2541) chess.com INT 2024 1-0 (49)}) 4. Bg2 Nc6 5. O-O e5 6. Na3 $146 ({RR} 6. d3 Be7 7. Bg5 Be6 8. Bxf6 Bxf6 9. Nbd2 Qc7 10. Rc1 O-O 11. a3 Rfe8 12. e3 Rad8 13. Re1 e4 14. dxe4 dxe4 15. Nh4 g5 16. Nxe4 Rxd1 17. Nxf6+ Kf8 18. Rcxd1 gxh4 19. Nxe8 Kxe8 20. gxh4 Ne5 {Durant,N-Moreira Santo,M Dos Hermanas 2004 0-1}) 6... Be7 7. d3 O-O 8. e4 Be6 9. exd5 Nxd5 10. Re1 f6 11. d4 cxd4 12. Nxd4 Nxd4 13. cxd4 Bxa3 14. bxa3 e4 15. Bxe4 Re8 16. Bd2 Qd7 17. Qh5 f5 18. Bg2 Rac8 19. Qf3 b6 20. Rxe6 1-0

[Event "TCh-ROU Superliga 2024"]
[Site "Mamaia ROU"]
[Date "2024.10.03"]
[Round "6.1"]
[White "Pranav, V."]
[Black "Mendonca, Leon Luke"]
[Result "1-0"]
[WhiteElo "2609"]
[BlackElo "2622"]
[PlyCount "115"]
[EventDate "2024.09.28"]
[EventType "team"]
[WhiteTeam "CLUBUL DE SAH AL MUNICIPIULUI BAIA MARE"]
[BlackTeam "VADOS  IFB FINWEST ARAD"]

1. b3 d5 2. Bb2 Nf6 3. Nf3 Bf5 4. e3 e6 5. Be2 h6 6. c4 ({RR} 6. d4 Bd6 7. Nbd2 O-O 8. O-O Ne4 9. c4 c6 {½-½ (10) Lewtak,D (2388)-Kowalski,I (2356) Krakow 2022}) 6... Bd6 7. Nc3 c6 8. O-O O-O ({RR} 8... Nbd7 9. d3 Qb8 10. d4 O-O 11. h3 Ne4 12. Nxe4 Bxe4 13. Nd2 Bh7 14. c5 Be7 15. b4 e5 16. dxe5 Nxe5 17. f4 Nd7 18. Nb3 Re8 19. Bg4 Bf6 20. Nd4 Qc7 21. Qd2 a5 22. a3 Nf8 23. Bf5 {Tomljanovic,I (2129)-Sever,G (1759) Nova Gorica SLO 2025 1-0 (44)}) 9. d4 Ne4 10. Nxe4 Bxe4 11. Ne1 $146 Nd7 12. Bd3 Qe7 13. f3 Bxd3 14. Nxd3 dxc4 15. bxc4 c5 16. f4 Rac8 17. Qb3 Rc7 18. Rac1 Rfc8 19. a4 f6 20. Rce1 Qf7 21. Ne5 Qe8 22. Nd3 Kh8 23. a5 Qf7 24. Rc1 Qg6 25. Rf3 Qf5 26. Nf2 Qh5 27. Ne4 Bf8 28. f5 cxd4 29. exd4 exf5 30. Ng3 Qe8 31. Nxf5 Qe4 32. Rff1 b6 33. Qg3 Qe6 34. Ba3 Qf7 35. Bxf8 Qxf8 36. Rce1 Nb8 37. Re6 Nc6 38. axb6 axb6 39. Rfe1 Qb4 40. Re8+ Rxe8 41. Rxe8+ Kh7 42. Qxc7 Qb1+ 43. Kf2 Qxf5+ 44. Ke3 Nb4 45. Qe7 Qg5+ 46. Kf2 Qf4+ 47. Ke2 Qg4+ 48. Ke1 Nd3+ 49. Kd2 Nf2 50. Qe6 Qd1+ 51. Ke3 Ng4+ 52. Ke4 Qc2+ 53. Kd5 f5 54. Kc6 Nf6 55. Re7 Qxg2+ 56. d5 Qg5 57. d6 f4 58. d7 1-0

[Event "Titled Tue 5th Nov Early"]
[Site "chess.com INT"]
[Date "2024.11.05"]
[Round "4"]
[White "Shimanov, A."]
[Black "Akobian, V."]
[Result "1-0"]
[WhiteElo "2593"]
[BlackElo "2564"]
[PlyCount "63"]
[EventDate "2024.11.05"]

1. Nf3 Nf6 2. b3 d5 3. Bb2 c5 4. e3 a6 5. g3 Nc6 6. Bg2 Bg4 ({RR} 6... Bf5 7. O-O e6 8. d3 h6 9. Nbd2 Be7 10. Re1 Bh7 11. e4 O-O 12. exd5 Nxd5 13. Nc4 Rc8 14. a4 b5 15. axb5 axb5 16. Nce5 Nxe5 17. Nxe5 Bf6 18. Qe2 Qc7 19. h4 c4 20. bxc4 bxc4 21. dxc4 {Anton Guijarro,D (2703)-Svidler,P (2723) chess24.com INT 2020 ½-½}) 7. h3 Bf5 8. g4 Bg6 9. d3 $146 ({RR} 9. Nh4 e5 10. d3 Qd6 11. g5 Nd7 12. Nc3 d4 13. Ne4 Bxe4 14. Bxe4 g6 15. Qg4 h6 16. Nf3 hxg5 17. Qxg5 Bh6 18. Qh4 f5 19. Bxc6 Qxc6 20. Ke2 Kf7 21. Ng5+ Bxg5 22. Qxg5 Rae8 23. Rag1 Rh5 {Anton Guijarro,D (2670)-Durarbayli,V (2627) chess.com INT 2024 1-0 (49)}) ({RR} 9. Nh4 e5 10. d3 Qd6 11. g5 Nd7 12. Nc3 d4 13. Ne4 Bxe4 14. Bxe4 g6 15. Qg4 h6 16. Nf3 hxg5 17. Qxg5 Bh6 18. Qh4 f5 19. Bxc6 Qxc6 20. Ke2 Kf7 21. Ng5+ Bxg5 22. Qxg5 Rae8 23. Rag1 Rh5 {Anton Guijarro,D (2670)-Durarbayli,V (2627) chess.com INT 2024 1-0 (49)}) 9... h6 10. Nh4 Bh7 11. f4 e6 12. Nf3 Bd6 13. O-O d4 14. Nfd2 dxe3 15. Nc4 Nd5 16. Bxg7 Rg8 17. Be5 Nxe5 18. fxe5 Bc7 19. Qe1 h5 20. Nxe3 Nxe3 21. Qxe3 hxg4 22. Bxb7 gxh3+ 23. Kh1 Rb8 24. Bc6+ Kf8 25. Nd2 Qd4 26. Qh6+ Rg7 27. Nf3 Qc3 28. Ng5 Bf5 29. Rae1 Bxe5 30. Nf3 Bf6 31. Be4 Bxe4 32. dxe4 1-0

[Event "Cap D'Agde Rapid/Blitz m"]
[Site "Cap d'Agde FRA"]
[Date "2024.10.30"]
[Round "8"]
[White "Maurizzi, Marc'Andria"]
[Black "Ivanchuk, V."]
[Result "1-0"]
[WhiteElo "2594"]
[BlackElo "2632"]
[PlyCount "99"]
[EventDate "2024.10.29"]
[EventType "match"]

1. Nf3 Nf6 2. g3 c5 3. Bg2 Nc6 4. O-O e5 5. d3 d5 6. Nbd2 h6 7. e4 d4 8. Nc4 Qc7 9. a4 Be6 10. Nfd2 g5 11. a5 ({RR} 11. Na3 g4 12. Ndc4 Be7 13. f4 gxf3 14. Qxf3 Nd7 15. Nb5 Qb8 16. Bd2 a6 17. Nba3 b5 18. Na5 Nxa5 19. Bxa5 b4 20. Nc4 Rh7 21. Qh5 Bxc4 22. dxc4 Qb7 23. Rf2 Qc6 24. Raf1 Qg6 25. Qf3 Ra7 {Chmura,D (1630)-Solbu,A (1803) Bad Pyrmont GER 2024 1-0 (32)}) 11... Rg8 $146 ({RR} 11... O-O-O 12. a6 b6 13. Nb1 Bxc4 14. dxc4 d3 15. c3 Qd7 16. Qf3 Be7 17. Rd1 Na5 18. Nd2 Kc7 19. b3 Nc6 20. Nf1 g4 21. Qf5 Qxf5 22. exf5 e4 23. Nd2 Rd7 24. Nxe4 Na5 25. Bf4+ Kc8 26. Rab1 {Lomakina,G (2099)-Rozov,S Tambov 2013 1-0 (45)}) 12. c3 Rd8 13. Qa4 Nd7 14. Nb3 h5 15. cxd4 cxd4 16. Bd2 h4 17. a6 bxa6 18. Nba5 Ncb8 19. Rfc1 f6 20. Bb4 Kf7 21. Nd6+ Bxd6 22. Rxc7 Bxc7 23. Bf3 Rc8 24. Nc4 Nb6 25. Qd1 g4 26. Be2 Nxc4 27. dxc4 Nc6 28. Ba3 a5 29. Bd3 Rb8 30. Qa4 Nb4 31. Bf1 hxg3 32. hxg3 Rgd8 33. c5 d3 34. Rd1 Bd7 35. Qb3+ Be6 36. Qc3 Rd4 37. Qd2 Rh8 38. Bg2 Kg7 39. Rc1 Rhd8 40. f3 gxf3 41. Bxf3 Nc2 42. Kg2 Rc4 43. Rh1 Nxa3 44. Qh6+ Kf7 45. Qh7+ Ke8 46. Bh5+ Kf8 47. Rf1 Rc2+ 48. Kh1 Rc1 49. Qh6+ Ke7 50. Qxf6+ 1-0

[Event "Cap D'Agde Express Final"]
[Site "Cap d'Agde FRA"]
[Date "2024.11.02"]
[Round "1.4"]
[White "Sivuk, V."]
[Black "Bellahcene, B."]
[Result "1-0"]
[WhiteElo "2502"]
[BlackElo "2517"]
[PlyCount "89"]
[EventDate "2024.11.02"]
[EventType "k.o."]

1. Nf3 Nf6 2. b3 d5 3. Bb2 Bg4 4. e3 e6 5. h3 Bh5 6. g4 Bg6 7. Ne5 Nfd7 8. Nxg6 ({RR} 8. Bg2 Nxe5 9. Bxe5 Nc6 10. Bb2 h5 11. d3 hxg4 12. hxg4 Rxh1+ 13. Bxh1 Qh4 14. Bf3 Bb4+ 15. Ke2 O-O-O 16. Nd2 e5 17. Qh1 Qg5 18. Bxd5 Qxg4+ 19. Bf3 Qe6 20. Nc4 f6 21. Rg1 Qf7 22. Qg2 Bh5 {Askarov,B (2314)-Weetik,V (2423) chess.com INT 2025 1-0}) 8... hxg6 9. Bg2 c6 ({RR} 9... Nf6 10. c4 c6 11. Qe2 Nbd7 12. Nc3 Bd6 13. Rd1 Qe7 14. O-O O-O 15. d4 Bb4 16. Qc2 a6 17. Ne2 Rac8 18. Nf4 Bd6 19. Rfe1 Rfd8 20. Nd3 e5 21. dxe5 Nxe5 22. Nf4 dxc4 23. bxc4 Ba3 24. Bd4 {Grischuk,A (2772)-Fressinet,L (2662) Riadh 2017 1-0 (95)}) 10. d3 a5 $146 ({RR} 10... Na6 11. Nd2 Nc7 12. Qe2 a5 13. a3 Rh7 14. f4 Bd6 15. Nf3 f6 16. g5 Qe7 17. d4 f5 18. c4 Qf7 19. c5 Be7 20. a4 Na6 21. Bc3 Bd8 22. Qd2 Qf8 23. Ke2 Kf7 24. Rh2 Bc7 25. h4 {Gubajdullin,A (2359)-Sandipan,C (2567) St Petersburg 2015 1-0 (44)}) 11. a3 Nf6 12. Nd2 Nbd7 13. Qe2 Bd6 14. f4 Qe7 15. O-O e5 16. f5 gxf5 17. Rxf5 O-O-O 18. c4 Kb8 19. cxd5 Nxd5 20. Nc4 Bc7 21. b4 g6 22. Rff1 f5 23. bxa5 fxg4 24. Qxg4 Rh4 25. Qf3 Rf8 26. Qe2 Rfh8 27. Rf3 Qg5 28. a6 Rxh3 29. Rxh3 Rxh3 30. axb7 Rg3 31. Rf1 Nxe3 32. Nxe3 Rxe3 33. Qc2 Bb6 34. d4 Rg3 35. Qxc6 Rxg2+ 36. Qxg2 Qxg2+ 37. Kxg2 exd4 38. Rd1 Kxb7 39. Bxd4 Bc7 40. Kf3 Kc6 41. Ke4 Nb8 42. Rc1+ Kb7 43. Kd5 Nd7 44. Rb1+ Kc8 45. Rg1 1-0

[Event "Titled Tue 29th Oct Early"]
[Site "chess.com INT"]
[Date "2024.10.29"]
[Round "5"]
[White "Mekhitarian, K."]
[Black "Nihal, Sarin"]
[Result "1-0"]
[WhiteElo "2562"]
[BlackElo "2668"]
[PlyCount "83"]
[EventDate "2024.10.29"]

1. Nf3 b5 2. e4 b4 3. Bc4 ({RR} 3. a3 bxa3 4. Nxa3 Bb7 5. Bc4 e6 6. Qe2 Nf6 7. d3 d5 8. exd5 Nxd5 9. O-O Bd6 10. Nb5 Be7 11. Re1 O-O 12. Bd2 Bf6 13. c3 a6 14. Nbd4 c5 15. Nb3 Nd7 16. Na5 Qb6 17. Reb1 Rfb8 {Itgelt,K (2321)-Hajiyev,K (2164) chess.com INT 2023 1-0 (40)}) 3... e6 $146 ({RR} 3... Nc6 4. Bb5 Nb8 5. O-O Nc6 6. Bxc6 dxc6 7. a3 f5 8. exf5 e6 9. fxe6 Nf6 10. e7 Qxe7 11. axb4 Qd8 12. Nc3 Bxb4 13. d3 O-O 14. Bg5 Be7 15. Bxf6 Bxf6 16. Qe2 Qd7 17. Rfd1 Qe8 18. Qxe8 {Calderon Punina,K-Cedillo Segura,E Chess.com INT 2020 1-0 (44)}) ({RR} 3... Nc6 4. Bb5 Nb8 5. O-O Nc6 6. Bxc6 dxc6 7. a3 f5 8. exf5 e6 9. fxe6 Nf6 10. e7 Qxe7 11. axb4 Qd8 12. Nc3 Bxb4 13. d3 O-O 14. Bg5 Be7 15. Bxf6 Bxf6 16. Qe2 Qd7 17. Rfd1 Qe8 18. Qxe8 {Calderon Punina,K-Cedillo Segura,E Chess.com INT 2020 1-0 (44)}) 4. d3 Nc6 5. d4 Nf6 6. Bd3 Be7 7. O-O h6 8. Re1 g5 9. c3 g4 10. Nfd2 h5 11. Nf1 Rg8 12. Bf4 h4 13. Nbd2 Rb8 14. Rc1 bxc3 15. bxc3 d5 16. e5 Nh5 17. Be3 f5 18. exf6 Nxf6 19. Nb3 Kf7 20. Qd2 e5 21. dxe5 Nxe5 22. Bd4 Nxd3 23. Qxd3 Rb6 24. Bxb6 axb6 25. Nd4 Qd7 26. Ne3 Rg5 27. Rcd1 c5 28. Ne2 Qa4 29. c4 d4 30. Nd5 Bf5 31. Qd2 Ne4 32. Qc1 Bd6 33. Nef4 h3 34. g3 Qxa2 35. Nd3 Kg6 36. N5f4+ Bxf4 37. Qxf4 Qxc4 38. Ne5+ Kh5 39. Nxc4 Bg6 40. Rxe4 Bxe4 41. Qxe4 Kh6 42. Ne5 1-0

[Event "Titled Tue 29th Oct Early"]
[Site "chess.com INT"]
[Date "2024.10.29"]
[Round "9"]
[White "Carlsen, M."]
[Black "Bok, B."]
[Result "1-0"]
[WhiteElo "2831"]
[BlackElo "2593"]
[PlyCount "109"]
[EventDate "2024.10.29"]

1. Nf3 d5 2. g3 g6 3. Bg2 Bg7 4. O-O e5 5. d3 Nc6 6. e4 dxe4 7. dxe4 Qxd1 8. Rxd1 Bg4 9. c3 Nf6 10. Re1 O-O 11. Na3 h6 12. Nc4 Rfe8 13. a4 Rad8 $146 ({RR} 13... a6 14. Nfd2 Be6 15. b4 Red8 16. Bf1 b5 17. axb5 axb5 18. Rxa8 Rxa8 19. Na3 Na7 20. Nf3 c6 21. Nxe5 Nd7 22. Nxd7 Bxd7 23. e5 Re8 24. f4 f6 25. Rd1 Bf5 26. Be3 fxe5 27. Bxa7 Ra8 28. Nxb5 {Hakobyan,A (2598)-Bok,B (2624) Chess.com INT 2021 1-0 (55)}) ({RR} 13... a6 14. Nfd2 Be6 15. b4 Red8 16. Bf1 b5 17. axb5 axb5 18. Rxa8 Rxa8 19. Na3 Na7 20. Nf3 c6 21. Nxe5 Nd7 22. Nxd7 Bxd7 23. e5 Re8 24. f4 f6 25. Rd1 Bf5 26. Be3 fxe5 27. Bxa7 Ra8 28. Nxb5 {Hakobyan,A (2598)-Bok,B (2624) Chess.com INT 2021 1-0 (55)}) 14. b4 Be6 15. Bf1 Nd7 16. b5 Ncb8 17. Be3 b6 18. a5 f5 19. axb6 axb6 20. Ra7 Rc8 21. Nfd2 Rf8 22. Bh3 Kf7 23. Rd1 f4 24. Bxe6+ Kxe6 25. gxf4 exf4 26. Bd4 Rf7 27. Nf3 Nc5 28. Bxc5 bxc5 29. b6 Nc6 30. Ra6 cxb6 31. Rxb6 Rd7 32. Rc1 Rd3 33. Nh4 Rxc3 34. Rxc3 Bxc3 35. Nxg6 f3 36. Nh4 Kd7 37. Nxf3 Rf8 38. Kg2 Kc7 39. Rb1 Rg8+ 40. Kf1 Rf8 41. Ke2 Bd4 42. Ne3 Bxe3 43. Kxe3 Ra8 44. Rb3 Kd6 45. Nd2 Nd4 46. Rb6+ Kc7 47. Rxh6 Ra3+ 48. Kf4 Ra2 49. Nc4 Rxf2+ 50. Ke5 Re2 51. Kd5 Nf3 52. Rh7+ Kd8 53. h4 Rxe4 54. Kxe4 Nd4 55. h5 1-0

[Event "Titled Tue 29th Oct Late"]
[Site "chess.com INT"]
[Date "2024.10.29"]
[Round "7"]
[White "Deac, Bogdan-Daniel"]
[Black "Wagner, De"]
[Result "1-0"]
[WhiteElo "2691"]
[BlackElo "2617"]
[PlyCount "97"]
[EventDate "2024.10.29"]

1. Nf3 d5 2. g3 c5 3. Bg2 Nf6 4. O-O g6 5. c4 Bg7 6. Qa4+ Nc6 ({RR} 6... Bd7 7. Qb3 dxc4 8. Qxc4 Qb6 9. Ne5 Be6 10. Qa4+ Nbd7 11. d3 O-O 12. Nc4 Qc7 13. Bf4 Qc8 14. Nc3 Nb6 15. Nxb6 axb6 16. Qc2 Bh3 17. Qb3 Bxg2 18. Kxg2 Qc6+ 19. Kg1 Rfd8 20. Be5 Nh5 21. Bxg7 {Giri,A (2764)-Anand,V (2775) Leuven 2017 ½-½ (48)}) 7. Ne5 ({RR} 7. d4 O-O 8. dxc5 d4 9. b4 Ne4 10. b5 d3 11. exd3 Nxc5 12. Qa3 Nb4 13. Qxb4 Nxd3 14. Qa3 Nxc1 15. Nc3 Bxc3 16. Raxc1 Bf6 17. c5 Qc7 18. Rfd1 Bf5 19. Nd4 Bg4 20. Bf3 Rfd8 21. Bxg4 Bxd4 {Dronavalli,H (2489)-Kosteniuk,A (2484) Monaco MNC 2025 1-0 (44)}) ({RR} 7. d3 O-O 8. Bd2 Bd7 9. cxd5 Nxd5 10. Nc3 Nd4 11. Qd1 Nxf3+ 12. Bxf3 Bc6 13. Bg2 Nb4 14. a3 Bxg2 15. Kxg2 Nc6 16. Rb1 Rc8 17. Qa4 b6 18. Rfc1 Qd7 19. Be3 h5 20. Ne4 Qb7 21. Kg1 Rfd8 {Deac,B (2693)-Erigaisi,A (2710) Biel SUI 2023 ½-½ (48)}) 7... Qd6 8. Nxc6 Bd7 $146 ({RR} 8... bxc6 9. cxd5 Nxd5 10. Nc3 O-O 11. Ne4 Qc7 12. Nxc5 Rb8 13. Rb1 Rd8 14. a3 Rb5 15. Qc2 h5 16. d3 h4 17. e4 h3 18. Bh1 Nc3 19. Bf4 e5 20. bxc3 exf4 21. d4 Bg4 22. Nd3 fxg3 23. hxg3 {Rapport,R (2752)-Caruana,F (2782) Zagreb CRO 2023 0-1 (51)}) ({RR} 8... bxc6 9. cxd5 Nxd5 10. Nc3 O-O 11. Ne4 Qc7 12. Nxc5 Rb8 13. Rb1 Rd8 14. a3 Rb5 15. Qc2 h5 16. d3 h4 17. e4 h3 18. Bh1 Nc3 19. Bf4 e5 20. bxc3 exf4 21. d4 Bg4 22. Nd3 fxg3 23. hxg3 {Rapport,R (2752)-Caruana,F (2782) Zagreb CRO 2023 0-1 (51)}) 9. Qb3 Bxc6 10. d3 O-O 11. Nd2 d4 12. Bxc6 Qxc6 13. Qb5 Qc7 14. b4 Nd7 15. bxc5 a6 16. Qb4 Nxc5 17. Ba3 b6 18. Rab1 Rfb8 19. Nb3 Nd7 20. Rfc1 Bf8 21. Qa4 e5 22. Bxf8 Kxf8 23. Nd2 Nc5 24. Qa3 Kg7 25. Nb3 Qc6 26. Nxc5 bxc5 27. Rb3 Rb6 28. Rcb1 Rab8 29. f3 h5 30. h4 R8b7 31. Kf2 Rb8 32. Qa5 Rxb3 33. axb3 Rb4 34. Ra1 Rxb3 35. Qxa6 Qc7 36. Qa7 Rb7 37. Qa8 Rb8 38. Qa5 Qc6 39. Qa7 Rb7 40. Qa8 Qc7 41. Ra6 Rb2 42. Qc6 Qe7 43. Ra5 g5 44. Qxc5 Qxc5 45. Rxc5 gxh4 46. Rxe5 hxg3+ 47. Kxg3 Kf6 48. Rxh5 Rxe2 49. Rd5 1-0